Culture Générale - Série 260 - Statistiques

Statistiques générales
  • Ce quiz a été pris 473 fois
  • Le résultat moyen est 6 sur 10
Statistiques - réponses
Question Réponse % Correct
Quelle est la nationalité du tennisman Rafael Nadal ? Espagnole
89%
Dans quel pays se situe la ville d'Innsbruck ? L'Autriche
77%
Quel saint est fêté dans la nuit du 23 au 24 juin en allumant de grands feux ? Saint Jean
77%
Quel animal Pavlov a-t-il fait saliver pour élaborer sa fameuse théorie ? Un chien
72%
Quel nom porte chacun des deux angles supérieurs d'un but de football ? La Lucarne
70%
De quel club pour enfants Ariane, Jacky et Corbier ont-ils fait partie ? Le Club Dorothée
68%
Dans quel sport le Brésilien Rubens Barrichello s'est-il illustré ? La Formule 1
60%
Quelle locution latine signifie : "La vérité est dans le vin" ? In vino veritas
49%
Quel organisme créé en 1920 est l'ancêtre l'ONU ? La SDN
47%
En 1974, quel réalisateur raconte ses souvenirs d'enfance dans "Amarcord" ? Federico Fellini
15%
Aucun quiz correspondant
Distribution des résultats
% des personnes avec chaque résultat
Percentile par nombre de réponses
Votre historique - résultats
Vous n’avez pas pris ce quiz